MineCraft Mobs - Statistics

General Stats
  • This quiz has been taken 548 times
  • The average score is 17 of 18
Answer Stats
Hint Answer % Correct
*hiss* BOOM Creeper
100%
8 legged creature Spider
99%
Gives you milk and leather Cow
98%
Has no flesh and carries a bow Skeleton
98%
Normal night time mob Zombie
98%
Gives you porkchop Pig
97%
Gives you wool Sheep
97%
Final boss of the final dimension Ender Dragon
96%
8 legged creature that lives in caves Cave Spider
95%
A tall dark creature from another dimension Enderman
95%
Can be tamed with bones and barks Wolf/Dog
95%
Giant floating squid that shoots fireballs at you Ghast
94%
Weird creature that has rods floating around him and shoots fire balls at you Blaze
92%
Lives in the jungle, meows, and can be tamed with raw fish Ocelot/Cat
92%
They kill each other and give you ink sacks Squid
92%
They have big noses and live together Villager
86%
Has a golden sword and is mixed with a pig and a zombie Zombie Pigman
85%
Gives you leather, milk, and mushroom stew Mooshroom
84%
No matching quizzes found
Score Distribution
Percent of People with Each Score
Percentile by Number Answered
Your Score History
You have not taken this quiz